000 00495nam a2200181Ia 4500
003 GCL
008 140319s9999 xx 000 0 ara d
040 _aGCL /
_cGCL
082 0 4 _a813.03
_bم ا
100 1 _aمحمد المنسى قنديل
245 1 0 _aاحتضار قط عجوز /
_cمحمد المنسى قنديل
300 _a123 ص
490 _aمختارات فصول
_v0
650 0 4 _aالادب العربى
650 0 4 _aالادب
650 0 4 _aالقصص
942 _2ddc
_cBK
999 _c40475
_d40475